| 000 | 01598 a2200241 4500 | ||
|---|---|---|---|
| 003 | NUST | ||
| 005 | 20230713083710.0 | ||
| 010 | _a 96046610 | ||
| 040 | _cNust | ||
| 082 | 0 | 0 | _a540,SCh |
| 100 | 1 |
_a Schaum,Daniel _9113586 |
|
| 245 | 1 | 0 |
_aSchaum's outline of theory and problems of college chemistry : _bIncluding 375 Solved Problems and 750 Supplementary problems / _c Daniel Schaum |
| 250 | _a5th ed. | ||
| 260 |
_aNew York : _bMcGraw-Hill, _cc1966 |
||
| 300 |
_avi, 386 p. ; _bill. ; _c28 cm. |
||
| 490 | 0 | _aSchaum's outline series | |
| 505 | _aMeasurments (Page-1), Density and Specific Gravity (Page-9), Temperature Measurement (Page-13), Atomic Weights, Molecular Weights, and Moles (Page- 17), Formulas and Compositions Calculations (Page-25), Calculations from Chemical eQUATIONS (Page-37), Measurement of Gases (Page-48), Molecular Weights of Gases (Page-58), Structure of Matter (Page-69), Oxidation-Reduction (Page-88), Equivalent Weight (Page-100), Expressing Concentrations of Solutions (Page-107), Reactions involving Standard Solutions (Page-119), Properaties of Solutions (Page-126), Heat (Page-137), Chemical Equilibrium (Page-150), Ionic Equilibium (Page-165), Solubility Product and Precipitation (Page-196), Electrochemistry (Page-206), Photochemistry and Nuclear Chemistry (Page-224). | ||
| 650 | 0 |
_aChemistry _xOutlines, syllabi, etc. _914098 |
|
| 650 | 0 |
_aChemistry _xProblems, exercises, etc. _9516 |
|
| 700 | 1 |
_aEpstein, Lawrence M. _9113587 |
|
| 856 | 4 | 2 |
_3Publisher description _uhttp://www.loc.gov/catdir/description/mh022/96046610.html |
| 942 |
_2ddc _cBK _k540,SCH |
||
| 999 |
_c183381 _d183381 |
||